000 00698nam a2200217 a 4500
005 20240806063840.0
008 991125s1991 mx 000 0 spa u
020 _a9688650161
035 _aUPN01000012673
049 _aCG
050 4 _aPQ7297 C94
100 1 _aPavón, Alfredo, pról.
245 1 0 _aCuento de nunca acabar :
_bla ficción en México /
_cRussell M. Cluff... [et al.] ; ed. pról. y notas de Alfredo Pavón
260 _aMéxico :
_bUAP$bUniversidad Autónoma de Tlaxcala,
_c1991
300 _a179 p
440 0 _aDestino arbitrario;
_v6
650 4 _aCuentos mexicanos
_96937
650 4 _aLiteratura mexicana
_94466
700 2 _aCluff, Russell M.,
_ecoaut.
905 _aLibro
999 _c12673
_d12673